Pháp luật về thu hồi đất để phát triển kinh tế - xã hội vì lợi ích quốc gia, công cộng - thực tiễn tại thị xã Ngã Năm, tỉnh Sóc Trăng Luận văn thạc sĩ Luật kinh tế. Ngành: Luật kinh tế. Mã ngành: 60380107

সংরক্ষণ করুন:
গ্রন্থ-পঞ্জীর বিবরন
প্রধান লেখক: Trần, Hữu Kiệt
সংস্থা লেখক: Ủy ban Nhân dân tỉnh Trà Vinh, Trường Đại học Trà Vinh
অন্যান্য লেখক: Trần Hữu Kiệt; Dương Kim Thế Nguyên
ভাষা:Undetermined
প্রকাশিত: Trà Vinh Trường Đại học Trà Vinh 2018
বিষয়গুলি:
ট্যাগগুলো: ট্যাগ যুক্ত করুন
কোনো ট্যাগ নেই, প্রথমজন হিসাবে ট্যাগ করুন!
Thư viện lưu trữ: Trung tâm Học liệu Trường Đại học Trà Vinh
LEADER 01125nam a2200277Ia 4500
001 TVU_26529
008 210423s9999 xx 000 0 und d
041 |a Vie 
082 |a 346.597043 
082 |b K308 
100 |a Trần, Hữu Kiệt 
245 0 |a Pháp luật về thu hồi đất để phát triển kinh tế - xã hội vì lợi ích quốc gia, công cộng - thực tiễn tại thị xã Ngã Năm, tỉnh Sóc Trăng 
245 0 |b Luận văn thạc sĩ Luật kinh tế. Ngành: Luật kinh tế. Mã ngành: 60380107 
245 0 |c Trần Hữu Kiệt ; Dương Kim Thế Nguyên (hướng dẫn khoa học) 
260 |a Trà Vinh 
260 |b Trường Đại học Trà Vinh 
260 |c 2018 
300 |a iv, 75 tr. 
300 |c 27 cm 
504 |a Thư mục: tr.70-75 
650 |a Land tenure; Quyền sử dụng đất 
700 |a Trần Hữu Kiệt; Dương Kim Thế Nguyên  
700 |e người hướng dẫn khoa học 
710 |a Ủy ban Nhân dân tỉnh Trà Vinh 
710 |b Trường Đại học Trà Vinh 
980 |a Trung tâm Học liệu Trường Đại học Trà Vinh